000 00668nas a2200241 4500
001 BR8101459
003 BR-BrBNA
005 20231205084554.0
007 ta
008 230509b bl.|||p| |||| 00| 00por d
040 _aBR-BrBNA
_bpor
_cBiblioteca Nacional de Agricultura
041 _a(Pt)
072 _aL00
100 1 _aNocek, J.E.
245 1 _aComo tratar as vacas com problemas nos pes
650 _aProducao animal
650 _aVaca
650 _aManejo
650 _aPe
773 0 _tRevista dos Criadores (Brazil)
_xISSN 0034-9259
_g(Dec 1980), v. 50(611) p. 115-117
_wBR8101459
909 _a202311
_bLúcia
_c55
_dLúcia Elande
942 _2AGRIS
_n0
_cANA
999 _c106008
_d106008